Annual report 1987-88 / (Record no. 170905)
[ view plain ]
| 000 -LEADER | |
|---|---|
| fixed length control field | 00625cam a22002057a 4500 |
| 001 - CONTROL NUMBER | |
| control field | 14990156 |
| 003 - CONTROL NUMBER IDENTIFIER | |
| control field | BD-DhUL |
| 005 - DATE AND TIME OF LATEST TRANSACTION | |
| control field | 20220613122734.0 |
| 008 - FIXED-LENGTH DATA ELEMENTS--GENERAL INFORMATION | |
| fixed length control field | 070831s1962 pau f000 0 eng |
| 010 ## - LIBRARY OF CONGRESS CONTROL NUMBER | |
| LC control number | 2007467448 |
| 040 ## - CATALOGING SOURCE | |
| Original cataloging agency | DLC |
| Transcribing agency | BD-DhUL |
| Modifying agency | BD-DhUL |
| 050 00 - LIBRARY OF CONGRESS CALL NUMBER | |
| Classification number | MLCM 2008/41226 (H) |
| 082 ## - DEWEY DECIMAL CLASSIFICATION NUMBER | |
| Classification number | 307.72 |
| Item number | RUA |
| 245 10 - TITLE STATEMENT | |
| Title | Annual report 1987-88 / |
| Statement of responsibility, etc. | Fazlul |
| 260 ## - PUBLICATION, DISTRIBUTION, ETC. (IMPRINT) | |
| Place of publication, distribution, etc. | Bogra: |
| Name of publisher, distributor, etc. | Rural Development, |
| Date of publication, distribution, etc. | 1988. |
| 300 ## - PHYSICAL DESCRIPTION | |
| Extent | 92 p. : |
| Other physical details | ill. ; |
| Dimensions | 28 cm. |
| 906 ## - LOCAL DATA ELEMENT F, LDF (RLIN) | |
| a | 7 |
| b | cbc |
| c | orignew |
| d | 4 |
| e | ncip |
| f | 20 |
| g | y-gencatlg |
| 942 ## - ADDED ENTRY ELEMENTS (KOHA) | |
| Source of classification or shelving scheme | |
| Koha item type | Reference |
| Price effective from | Date last seen | Permanent Location | Not for loan | Date acquired | Source of classification or shelving scheme | Koha item type | Lost status | Withdrawn status | Source of acquisition | Collection code | Damaged status | Shelving location | Barcode | Current Location | Full call number |
|---|---|---|---|---|---|---|---|---|---|---|---|---|---|---|---|
| 2017-04-02 | 2017-04-02 | Dhaka University Library | Not For Loan | 2017-04-02 | Reference | Gift | Reference | Rare Collection | 322939 | Dhaka University Library | 307.72 RUA |
